Cuajiniquil

保存先:
書誌詳細
第一著者: Dada, Rodolfo
フォーマット: 図書
言語:Undetermined
出版事項: [Lugar de publicación no identificado] Gutenberg 1975
主題:
タグ: タグ追加
タグなし, このレコードへの初めてのタグを付けませんか!

MARC

LEADER 00000nam a2200000Ia 4500
008 170316s9999 xx 000 0 und d
040 |a cru BVZT 
090 |a 860 D-1c 
100 |a Dada, Rodolfo 
245 |a Cuajiniquil 
260 |a [Lugar de publicación no identificado] 
260 |b Gutenberg 
260 |c 1975 
300 |a 54 páginas 
650 |a LITERATURA LATINOAMERICANA 
999 |c 8601  |d 8601 
942 |c 15 D  |h 860 D-1c  |2 z